000 00747nam a2200229Ia 4500
003 GCL
005 20240530101932.0
008 140319s9999 xx 000 0 ara d
040 _aGCL /
_cGCL
082 0 4 _a157.8
_bم ط
100 1 _aمنى فياض
245 1 0 _aالطفل المتخلف عقليا فى المحيط الاسرى والثقافى : دراسة حالات من المجتمع اللبنانى /
_cمنى فياض
260 _a[S.N] :
_bمعهد الانتماء العربى ،
_c1983
300 _a402ص
650 0 4 _aالاسرة
650 0 4 _aالاطفال
650 0 4 _aلبنان
650 0 4 _aالنسل
650 0 4 _aالتخلف العقلى
650 0 4 _aالامراض العقلية
942 _2ddc
_cBK
999 _c28838
_d28838